000 00252nam a22001217a 4500
008 180124b xxu||||| |||| 00| 0 eng d
041 _aeng
080 _24th
_a62
100 _a27
101 _aIM
245 _aSCR Manual
_cAdem,aa.a
942 _2udc
_cBK
999 _c40839
_d40839